Košice - Panoráma Štefánikova ulica a divadlo

Zobrazenie: Pohľad v bielom orámovaní z výšky na Hlavnú ulicu a námestie. Uprostred je Národné divadlo, pred ním vidno pár stromov z parku. Vľavo aj vpravo sú rady budov pozdĺž rozdvojenej ulice. Vpravo je medzi budovami vidno premonštrátny, predtým jezuitský kostol, za ním v diaľke seminárny, predt...

Full description

Bibliographic Details
Format: Postcard
Language:Slovak
PhysicalDescription:1 pohľadnica tónovaná do hneda 9 x 14 cm
Published: B. Bystrica Luna [1938?]
Subjects:

MARC

LEADER 00000nkm a2200000 a 4500
001 vtls011877260
003 SK-MaSNL
005 20260512122413.0
007 kp ao
008 240221q1938 xo g kuslo
015 |a SNBG1938 
035 |a urn:nbn:sk:snk-km00dvfc 
035 |a urn:nbn:sk:snk-km3lsml 
035 |a 88DADF65-2C51-4166-9E1C-3FF47B1F5FFE 
040 |a SNK  |b slo  |c SNK  |e AACR2 
041 0 |a slo 
043 |a e-xo--- 
044 |a xo  |c SK 
072 7 |a 913  |x Regionálna geografia  |2 konspekt 
080 |a 913(437.6)  |2 2011 
080 |a 792.05  |2 2011 
080 |a (084.121)  |2 2011 
080 |a 712.253  |2 2011 
080 |a 711.73  |2 2011 
080 |a 711.61  |2 2011 
080 |a 726:27-523.42  |2 2011 
245 0 0 |a Košice - Panoráma  |h grafika  |b Štefánikova ulica a divadlo 
260 |a B. Bystrica  |b Luna  |c [1938?] 
300 |a 1 pohľadnica  |b tónovaná do hneda  |c 9 x 14 cm 
520 8 |a Zobrazenie: Pohľad v bielom orámovaní z výšky na Hlavnú ulicu a námestie. Uprostred je Národné divadlo, pred ním vidno pár stromov z parku. Vľavo aj vpravo sú rady budov pozdĺž rozdvojenej ulice. Vpravo je medzi budovami vidno premonštrátny, predtým jezuitský kostol, za ním v diaľke seminárny, predtým františkánsky kostol 
610 2 7 |a Národné divadlo v Košiciach  |2 SNKKA  |9 35765 
610 2 7 |a Františkánsky kostol (Košice, Slovensko)  |2 SNKKA  |9 84747 
650 0 7 |a divadlá  |2 SNKPH  |9 29113 
650 0 7 |a parky  |2 SNKPH  |9 2942 
650 0 7 |a ulice  |2 SNKPH  |9 2938 
650 0 7 |a námestia  |2 SNKPH  |9 26291 
650 0 7 |a kostoly  |2 SNKPH  |9 3023 
651 7 |a Hlavná ulica (Košice, Slovensko)  |2 SNKPHgeo  |9 29594 
651 7 |a Košice (Slovensko)  |2 SNKPHgeo  |9 18694 
655 7 |a miestne pohľadnice  |2 SNKPH  |9 70510 
752 |a Slovensko  |d Banská Bystrica 
852 |a Slovenská národná knižnica 
958 |a EUIPO 
958 |a GBN 
958 |a GC 
958 |a OND 
999 |c 603624  |d 605554 
952 |a SNK  |b SNK  |y PREZ  |7 0  |p 17A1237572  |o snkSP 32803  |z Pohľadnica prešla poštou.  |0 0  |1 0  |4 0  |d 2019-07-16  |f 1  |l 0  |r 2026-02-23 16:01:26  |w 2026-02-23